The Far side gallery / (Record no. 800)

MARC details
000 -LEADER
fixed length control field 00992cam a2200301 a 4500
005 - DATE AND TIME OF LATEST TRANSACTION
control field 20260322212034.0
008 - FIXED-LENGTH DATA ELEMENTS--GENERAL INFORMATION
fixed length control field data
010 ## - LIBRARY OF CONGRESS CONTROL NUMBER
LC control number 84081550
020 ## - INTERNATIONAL STANDARD BOOK NUMBER
International Standard Book Number 0836220625 (pbk.) :
Terms of availability {dollar}8.95
020 ## - INTERNATIONAL STANDARD BOOK NUMBER
International Standard Book Number 9780836220629 (pbk.) :
Terms of availability {dollar}8.95
040 ## - CATALOGING SOURCE
Original cataloging agency DLC
Transcribing agency DLC
Modifying agency DLC
043 ## - GEOGRAPHIC AREA CODE
Geographic area code n-us---
050 00 - LIBRARY OF CONGRESS CALL NUMBER
Classification number NC1429.L32
Item number A4 1984a
082 00 - DEWEY DECIMAL CLASSIFICATION NUMBER
Classification number 741.5/973
Edition information 19
099 ## - LOCAL FREE-TEXT CALL NUMBER (OCLC)
Classification number LARSOG
001 - CONTROL NUMBER
control field data
100 1# - MAIN ENTRY--PERSONAL NAME
Personal name Larson, Gary.
240 10 - UNIFORM TITLE
Uniform title Far side.
Form subheading Selections
245 14 - TITLE STATEMENT
Title The Far side gallery /
Statement of responsibility, etc. Gary Larson.
260 ## - PUBLICATION, DISTRIBUTION, ETC.
Place of publication, distribution, etc. Kansas City :
Name of publisher, distributor, etc. Andrews, McMeel & Parker,
Date of publication, distribution, etc. c1984.
300 ## - PHYSICAL DESCRIPTION
Extent 192 p. :
Other physical details all ill. (some col.) ;
Dimensions 28 cm.
650 #0 - SUBJECT ADDED ENTRY--TOPICAL TERM
Topical term or geographic name entry element American wit and humor, Pictorial.
740 0# - ADDED ENTRY--UNCONTROLLED RELATED/ANALYTICAL TITLE
Uncontrolled related/analytical title Far side.
856 42 - ELECTRONIC LOCATION AND ACCESS
Materials specified Publisher description
Uniform Resource Identifier <a href="http://www.loc.gov/catdir/enhancements/fy0726/84081550-d.html">http://www.loc.gov/catdir/enhancements/fy0726/84081550-d.html</a>
906 ## - LOCAL DATA ELEMENT F, LDF (RLIN)
a 7
b cbc
c orignew
d 2
e opcn
f 19
g y-gencatlg
955 ## - COPY-LEVEL INFORMATION (RLIN)
-- sb21 2006-09-03 to BCCD c. 2 ot
991 ## -
-- c-GenColl
-- NC1429.L32
-- A4 1984a
-- 00000716960
-- Copy 1
-- BOOKS
Holdings
Withdrawn status Lost status Damaged status Not for loan Home library Current library Shelving location Date acquired Total checkouts Full call number Barcode Date last seen Price effective from Koha item type
        Franklin Franklin General stacks 22/03/2026   741.5/973 19 BC0010823 22/03/2026 22/03/2026 Books